00933nam a2200265 a 4500008004100000020002200041049000900063090001400072245009500086246004600181260004800227300003100275440002700306504004100333500002000374650001400394700002200408907003500430003000100465005001700466040000900483942002100492999001900513952013500532  a0335220053 (hbk.) aMAIN aLC72bTEA10aTeachers matter :bconnecting work, lives and effectiveness /cChristopher Day... [et al.] aConnecting work, lives and effectiveness. aBerkshire. :bOpen University Press,c2007. aix, 296p. :bill. ;c24cm. aProfessional Learning. aIncludes bibliographical references. aIncludes index. 1aTeaching. aDay, Christopher. a.b10261606b03-06-13c26-03-0920230123124931.0 cNUST cBOOKSkLC72mTEA c132823d132823 r2023-01-23 00:00:00l1oLC72 DAYp92004010419v80.00w2023-01-23yBOOKS102LCC40708NFIC00aMAINbMAINcGENd2023-01-23g80.00